| 000 | 01841nam a2200265Ia 4500 | ||
|---|---|---|---|
| 999 |
_c46276 _d46276 |
||
| 001 | 13110 | ||
| 003 | GE_BSU | ||
| 005 | 20240826150606.0 | ||
| 008 | 181216s2014||||ge |||||||||||||| ||geo|| | ||
| 020 | _a9789941218019 | ||
| 040 | _cGE_BSU | ||
| 041 | _ageo | ||
| 080 | _a27-36 წ-71 | ||
| 245 |
_aწმინდა გრიგოლ დეკაპოლელი ; წმინდა გრიგოლ დიალოღოსი / _cშემდგენელი კახაბერ კენკიშვილი ; გარეკანის დიზაინი ეთერ გზირიშვილი. |
||
| 264 |
_aთბილისი : _bპალიტრა L, _c2014. |
||
| 300 |
_a253 გვ. ; _c20 სმ. |
||
| 490 |
_aსაქართველოს იმედი II : ყველა წმინდანი, რომელთა შესახებაც უნდა იცოდე, 2298-0547 / პროექტის რედაქტორი თამარ მამაცაშვილი ; _v წ. 8 |
||
| 500 | _aბეჭდება სრულიად საქართველოს კათოლიკოს-პატრიარქის, უწმინდესისა და უნეტარესის ილია II-ის ლოცვა-კურთხევით | ||
| 653 | _aწმინდა გრიგოლ დეკაპოლელი | ||
| 653 | _aწმინდა გრიგოლ დიალოღოსი | ||
| 653 | _aწმინდა მამათა ცხოვრება | ||
| 700 |
_aკენკიშვილი, კახაბერ _eშემდგენილი _923118 |
||
| 700 |
_aგზირიშვილი, ეთერ _eგარეკანის დიზაინი _923119 |
||
| 942 |
_cBK _2udc |
||